Black's law dictionary : (Record no. 2544)

000 -LEADER
fixed length control field 01198cam a2200349 i 4500
001 - CONTROL NUMBER
control field 2753668
003 - CONTROL NUMBER IDENTIFIER
control field OSt
005 - DATE AND TIME OF LATEST TRANSACTION
control field 20160727125959.0
008 - FIXED-LENGTH DATA ELEMENTS--GENERAL INFORMATION
fixed length control field 790426s1979 mnu d 000 0 eng
010 ## - LIBRARY OF CONGRESS CONTROL NUMBER
LC control number 79012547
020 ## - INTERNATIONAL STANDARD BOOK NUMBER
International Standard Book Number 0829920412
020 ## - INTERNATIONAL STANDARD BOOK NUMBER
International Standard Book Number 0829920455
040 ## - CATALOGING SOURCE
Original cataloging agency DLC
Transcribing agency DLC
Modifying agency DLC
043 ## - GEOGRAPHIC AREA CODE
Geographic area code n-us---
050 00 - LIBRARY OF CONGRESS CALL NUMBER
Classification number REF KF156.B53 1979
082 00 - DEWEY DECIMAL CLASSIFICATION NUMBER
Classification number 340/.03
100 1# - MAIN ENTRY--PERSONAL NAME
Personal name Black, Henry Campbell,
Dates associated with a name 1860-1927.
240 10 - UNIFORM TITLE
Uniform title <a href="Law dictionary">Law dictionary</a>
245 10 - TITLE STATEMENT
Title Black's law dictionary :
Remainder of title definitions of the terms and phrases of American and English jurisprudence, ancient and modern /
Statement of responsibility, etc by Henry Campbell Black.
250 ## - EDITION STATEMENT
Edition statement 5th ed. /
Remainder of edition statement by the publisher's editorial staff, contributing authors, Joseph R. Nolan and M.J. Connolly.
260 ## - PUBLICATION, DISTRIBUTION, ETC. (IMPRINT)
Place of publication, distribution, etc St. Paul :
Name of publisher, distributor, etc West Pub. Co.,
Date of publication, distribution, etc 1979.
300 ## - PHYSICAL DESCRIPTION
Extent xiv, 1511 p. ;
Dimensions 26 cm.
500 ## - GENERAL NOTE
General note First ed., 1891, has title: A dictionary of law.
650 #0 - SUBJECT ADDED ENTRY--TOPICAL TERM
Topical term or geographic name as entry element Law
Geographic subdivision United States
Form subdivision Dictionaries.
650 #0 - SUBJECT ADDED ENTRY--TOPICAL TERM
Topical term or geographic name as entry element Law
Form subdivision Dictionaries.
700 1# - ADDED ENTRY--PERSONAL NAME
Personal name Nolan, Joseph R.
700 1# - ADDED ENTRY--PERSONAL NAME
Personal name Connolly, Michael J.
710 2# - ADDED ENTRY--CORPORATE NAME
Corporate name or jurisdiction name as entry element West Publishing Company.
740 0# - ADDED ENTRY--UNCONTROLLED RELATED/ANALYTICAL TITLE
Uncontrolled related/analytical title Law dictionary.
906 ## - LOCAL DATA ELEMENT F, LDF (RLIN)
a 7
b cbc
c orignew
d 1
e ocip
f 19
g y-gencatlg
942 ## - ADDED ENTRY ELEMENTS (KOHA)
Source of classification or shelving scheme
Koha item type Reference material
Holdings
Withdrawn status Lost status Source of classification or shelving scheme Damaged status Not for loan Home library Current library Date acquired Total Checkouts Full call number Barcode Date last seen Price effective from Koha item type
          Riara University Library Riara University Library 27/07/2016   REF KF156.B53 1979 8170/16 08/08/2016 27/07/2016 Reference material

Riara University Library,
P.O. Box 49940-00100,
Nairobi, Kenya.